| 000 | 00846nam a2200253 a 4500 | ||
|---|---|---|---|
| 001 | BRCA_9032 | ||
| 005 | 20190320210512.0 | ||
| 008 | 110817s2016----mx-a######---#000-0#spa-# | ||
| 020 | _a03201611070919090001 | ||
| 041 | _aspa | ||
| 044 | _amx | ||
| 050 | 4 |
_aPQ7296.S5 _b.C67 2016 |
|
| 100 | 1 |
_aCordero García, Fernando _922398 |
|
| 245 | 1 | 0 |
_aDon Carlos de Sigüenza y Góngora, un análisis psicológico _cFernando Cordero García. |
| 260 |
_aMéxico _bEl Autor _c2016 |
||
| 300 |
_a244 p. _bil. _c21 cm. |
||
| 504 | _aBibliografía : p. 227-244 | ||
| 600 | 1 | 4 |
_aSigüenza y Góngora, Carlos de _d1645-1700 _xCrítica e interpretación _922399 |
| 650 | 1 | 4 |
_aBiografía _y1645-1700 _922400 |
| 650 | 1 | 4 |
_aPsicología clínica _xDiagnosis _922401 |
| 650 | 1 | 4 |
_aPatografía _922402 |
| 651 | 4 |
_aMéxico barroco _ySiglo XVII _922403 |
|
| 942 |
_2lcc _cB |
||
| 999 |
_c8683 _d8683 |
||